Priority a stratégia zabezpečenia konkurencieschopnosti ekonomiky Ukrajiny

Ukrajina má niekoľko priorít, ktoré lákajú svetové hospodárstvo a sú základmi pre vstup tejto krajiny na európske trhy. Ide najmä o európsky smer ekonomickej stratégie, ktorý určuje najbližšiu perspektívu ekonomického rozvoja Ukrajiny. Stratégia zabezpečenia konkurencieschopnosti.

Guardado en:
Detalles Bibliográficos
Autor principal: Greššová, Mária
Formato: Capítulo de libro
Lenguaje:eslovaco
Materias:
Etiquetas: Agregar Etiqueta
Sin Etiquetas, Sea el primero en etiquetar este registro!

MARC

LEADER 00000naa$a2200000$$$4500
001 0066159
005 20240502071802.3
041 0 |a slo 
044 |a SK 
245 1 0 |a Priority a stratégia zabezpečenia konkurencieschopnosti ekonomiky Ukrajiny  |c Mária Greššová 
520 |a Ukrajina má niekoľko priorít, ktoré lákajú svetové hospodárstvo a sú základmi pre vstup tejto krajiny na európske trhy. Ide najmä o európsky smer ekonomickej stratégie, ktorý určuje najbližšiu perspektívu ekonomického rozvoja Ukrajiny. Stratégia zabezpečenia konkurencieschopnosti. 
610 2 0 |a Ukrajina 
610 2 0 |a konkurencieschopnosť 
610 2 0 |a rozvoj hospodársky 
610 2 0 |a investície 
610 2 0 |a inovácia 
100 1 |a Greššová, Mária